000 00526nam a22002057a 4500
003 UA-OsUOA
001 11222
007 ta
008 20050303b un ||||| |||| 00| 0 ukr d
100 _aІсіченко І.
942 _cSA
040 _aUA-OsUOA
_bukr
_cUA-OsUOA
_dUA-OsUOA
245 _aМолитовний дискурс у літературі Київської Русі
300 _aС.12 - 22
955 _a0
041 _aukr
044 _aUA
773 0 _w0
650 7 _aДавня література
_2UDC
999 _c297383
_d297383